000 00314nam a2200133Ia 4500
100 _aBuffa/E.S
942 _cBK
654 _aModern Production Operation
245 _aModern Production Operations Management
260 _bWiley eastern
_aNew Delhi
_c1985
082 _a658.5
300 _a681
546 _aENGLISH
999 _c22663
_d22663